Alliteration and sound change in early English
| Titel: | Alliteration and sound change in early English / Donka Minkova |
|---|---|
| Verfasser: | |
| Veröffentlicht: | Cambridge [u.a.] : Univ. Press, 2003 |
| Umfang: | XIX, 400 S. ; 24 cm |
| Format: | E-Book |
| Sprache: | Englisch |
| Schriftenreihe/ mehrbändiges Werk: |
Cambridge studies in linguistics ; 101 |
| RVK-Notation: | Vorliegende Ausgabe: | Online-Ausg.: 2004. - Online-Ressource. |
| ISBN: | 9780511039751 (Sekundärausgabe) |
| Hinweise zum Inhalt: |
Inhaltsbeschreibung der Sammlung und Zugangshinweise
|
alg: 18017856
001A $00030:04-08-06
001B $01999:13-08-17 $t07:24:36.000
001C $05000:21-06-13 $t12:43:51.000
001D $00030:04-08-06
001U $0utf8
001X $00
002@ $0Oau
003@ $0180178563
004G $A978-0-511-03975-1
007A $0180178563 $aHEB
009P $3Inhaltsbeschreibung der Sammlung und Zugangshinweise $uhttp://www.nationallizenzen.de/angebote/nlproduct.2006-03-20.4421392276
009Q $SV153 $uhttp://search.ebscohost.com/login.aspx?direct=true&scope=site&db=nlebk&db=nlabk&AN=112395 $xH
010@ $aeng
011@ $a2003
011B $a2004
016A $aDguu
017B $aZDB-1-NEL
021A $aAlliteration and sound change in early English $hDonka Minkova
028A $7112930352 $8Minkova, Donka$Z1944- [Tp1] $9147361435
032C $a[Online-Ausg.]
033A $pCambridge {[u.a.] $nUniv. Press
033Q $aOnline-Ressource
034D $aXIX, 400 S.
034I $a24 cm
036E $aCambridge studies in linguistics $l101
036F $x3101 $8Cambridge studies in linguistics $9186186371 $l101
037G $aOnline-Ausg.:
044K $RStabreim $#Alliteration $#Allitération $#Allitterazioni $#Aliteración $74120868-7 $8Alliteration [Ts1] $9085388092
044K $REnglisch $RAltgermanische Sprachen $#English language Old English, ca. 450-1100 $#Anglais (langue) 450-1100 (vieil anglais) $#Lingua anglosassone $#Lengua inglesa S.V-XI $#Angelsächsisch $74112501-0 $8Altenglisch [Ts1] $9085330663
044K $RSprachwandel $RHistorische Phonologie $#Mutation (Phonetics) $#Mutation (phonétique) $#Lautveränderung Lautwandel $#Lautänderung Lautwandel $74034779-5 $8Lautwandel [Ts1] $9085093718
044K $RNordseegermanische Sprachen $#English language $#Anglais (langue) $#Britisches Englisch $#Englische Sprache $74014777-0 $8Englisch [Tsz] $9085033405
044K $REnglisch $#English language Middle English, 1100-1500 $#Anglais (langue) 1100-1500 (moyen anglais) $#Lingua inglese medievale $#Lengua inglesa S.XII-XV $74039676-9 $8Mittelenglisch [Ts1] $9085108456
045A $aPE540
045B $a427.02
045E $c420
045Z $8HE 210 [Tkv] $940861286X
lok: 18017856 3
101B $004-08-06 $t14:38:44.000
101C $004-08-06
145S/06 $a711
101U $0utf8
exp: 18017856 3 1 #EPN
201B/01 $002-02-24 $t22:52:31.000
201U/01 $0utf8
203@/01 $043426282X
208@/01 $a04-08-06 $bl
209S/01 $SV153 $uhttp://search.ebscohost.com/login.aspx?direct=true&scope=site&db=nlebk&db=nlabk&AN=112395 $XH
lok: 18017856 5
exp: 18017856 5 1 #EPN
201B/01 $019-06-13 $t23:25:40.000
201U/01 $0utf8
203@/01 $0434262838
208@/01 $a04-08-06 $bl
209S/01 $SV153 $uhttp://search.ebscohost.com/login.aspx?direct=true&scope=site&db=nlebk&db=nlabk&AN=112395 $XH
lok: 18017856 6
exp: 18017856 6 1 #EPN
201B/01 $019-06-13 $t23:25:40.000
201U/01 $0utf8
203@/01 $0579698084
208@/01 $a23-07-09 $bl
209S/01 $SV153 $uhttp://search.ebscohost.com/login.aspx?direct=true&scope=site&db=nlebk&db=nlabk&AN=112395 $XH
lok: 18017856 8
exp: 18017856 8 1 #EPN
201B/01 $019-06-13 $t23:25:40.000
201U/01 $0utf8
203@/01 $0434262846
208@/01 $a04-08-06 $bl
209S/01 $SV153 $uhttp://search.ebscohost.com/login.aspx?direct=true&scope=site&db=nlebk&db=nlabk&AN=112395 $XH
lok: 18017856 10
exp: 18017856 10 1 #EPN
201B/01 $019-06-13 $t23:25:40.000
201U/01 $0utf8
203@/01 $0434262854
208@/01 $a04-08-06 $bl
209S/01 $SV153 $uhttp://search.ebscohost.com/login.aspx?direct=true&scope=site&db=nlebk&db=nlabk&AN=112395 $XH
lok: 18017856 11
exp: 18017856 11 1 #EPN
201B/01 $019-06-13 $t23:25:40.000
201U/01 $0utf8
203@/01 $0434262862
208@/01 $a04-08-06 $bl
209S/01 $SV153 $uhttp://search.ebscohost.com/login.aspx?direct=true&scope=site&db=nlebk&db=nlabk&AN=112395 $XH
lok: 18017856 15
exp: 18017856 15 1 #EPN
201B/01 $019-06-13 $t23:25:40.000
201U/01 $0utf8
203@/01 $0595554865
208@/01 $a29-06-10 $bl
209S/01 $SV153 $uhttp://search.ebscohost.com/login.aspx?direct=true&scope=site&db=nlebk&db=nlabk&AN=112395 $XH
lok: 18017856 20
exp: 18017856 20 1 #EPN
201B/01 $019-06-13 $t23:25:40.000
201U/01 $0utf8
203@/01 $0434262889
208@/01 $a04-08-06 $bl
209S/01 $SV153 $uhttp://search.ebscohost.com/login.aspx?direct=true&scope=site&db=nlebk&db=nlabk&AN=112395 $XH
lok: 18017856 21
exp: 18017856 21 1 #EPN
201B/01 $019-06-13 $t23:25:40.000
201U/01 $0utf8
203@/01 $0434262897
208@/01 $a04-08-06 $bl
209S/01 $SV153 $uhttp://search.ebscohost.com/login.aspx?direct=true&scope=site&db=nlebk&db=nlabk&AN=112395 $XH
lok: 18017856 23
exp: 18017856 23 1 #EPN
201B/01 $019-06-13 $t23:25:41.000
201U/01 $0utf8
203@/01 $0434262900
208@/01 $a04-08-06 $bl
209S/01 $SV153 $uhttp://search.ebscohost.com/login.aspx?direct=true&scope=site&db=nlebk&db=nlabk&AN=112395 $XH
lok: 18017856 24
exp: 18017856 24 1 #EPN
201B/01 $019-06-13 $t23:25:41.000
201U/01 $0utf8
203@/01 $0595554873
208@/01 $a29-06-10 $bl
209S/01 $SV153 $uhttp://search.ebscohost.com/login.aspx?direct=true&scope=site&db=nlebk&db=nlabk&AN=112395 $XH
lok: 18017856 25
exp: 18017856 25 1 #EPN
201B/01 $019-06-13 $t23:25:41.000
201U/01 $0utf8
203@/01 $0434262919
208@/01 $a04-08-06 $bl
209S/01 $SV153 $uhttp://search.ebscohost.com/login.aspx?direct=true&scope=site&db=nlebk&db=nlabk&AN=112395 $XH
lok: 18017856 36
exp: 18017856 36 1 #EPN
201B/01 $019-06-13 $t23:25:41.000
201U/01 $0utf8
203@/01 $0595554881
208@/01 $a29-06-10 $bl
209S/01 $SV153 $uhttp://search.ebscohost.com/login.aspx?direct=true&scope=site&db=nlebk&db=nlabk&AN=112395 $XH
lok: 18017856 59
exp: 18017856 59 1 #EPN
201B/01 $019-06-13 $t23:25:41.000
201U/01 $0utf8
203@/01 $0503666998
208@/01 $a10-05-07 $bl
209S/01 $SV153 $uhttp://search.ebscohost.com/login.aspx?direct=true&scope=site&db=nlebk&db=nlabk&AN=112395 $XH
lok: 18017856 76
exp: 18017856 76 1 #EPN
201B/01 $029-10-16 $t08:28:16.503
201U/01 $0utf8
203@/01 $0785788794
208@/01 $a29-10-16 $bl
209S/01 $SV153 $uhttp://search.ebscohost.com/login.aspx?direct=true&scope=site&db=nlebk&db=nlabk&AN=112395 $XH
lok: 18017856 204
101B $007-02-08 $t16:06:36.000
101C $007-02-08
101U $0utf8
145S/01 $a1900e
exp: 18017856 204 1 #EPN
201B/01 $019-06-13 $t23:25:41.000
201U/01 $0utf8
203@/01 $0434262943
208@/01 $a04-08-06 $bl
209S/01 $SV153 $uhttp://search.ebscohost.com/login.aspx?direct=true&scope=site&db=nlebk&db=nlabk&AN=112395 $XH
lok: 18017856 205
exp: 18017856 205 1 #EPN
201B/01 $019-06-13 $t23:25:41.000
201U/01 $0utf8
203@/01 $0434262951
208@/01 $a04-08-06 $bl
209S/01 $SV153 $uhttp://search.ebscohost.com/login.aspx?direct=true&scope=site&db=nlebk&db=nlabk&AN=112395 $XH
| LEADER | 00000cam a2200000 c 4500 | ||
|---|---|---|---|
| 001 | 180178563 | ||
| 003 | DE-603 | ||
| 005 | 20170813072436.0 | ||
| 007 | cr|||||||||||| | ||
| 008 | 060804s2003 xx |||| o| u00||u|eng c | ||
| 020 | |a 9780511039751 (Sekundärausgabe) | ||
| 035 | |a (DE-599)HEB180178563 | ||
| 040 | |a DE-603 |b ger |c DE-603 |d DE-603 | ||
| 041 | |a eng | ||
| 050 | 0 | |a PE540 | |
| 082 | 7 | |a 427.02 | |
| 084 | |a 420 |q DE-101 |2 sdnb | ||
| 084 | |a HE 210 |0 (DE-625)48575: |0 (DE-603)40861286X |2 rvk | ||
| 100 | 1 | |a Minkova, Donka |d 1944- |0 (DE-603)147361435 |0 (DE-588)112930352 |2 gnd | |
| 245 | 0 | 0 | |a Alliteration and sound change in early English |c Donka Minkova |
| 264 | 1 | |a Cambridge [u.a.] |b Univ. Press |c 2003 | |
| 300 | |a XIX, 400 S. |c 24 cm | ||
| 490 | 1 | |a Cambridge studies in linguistics |v 101 | |
| 530 | |a Online-Ausg.: | ||
| 533 | |a Online-Ausg. |d 2004 |e Online-Ressource |n ISBN 9780511039751 |7 s2004uuuuxx u| |n [Online-Ausg.] | ||
| 650 | 7 | |a Alliteration |0 (DE-588)4120868-7 |0 (DE-603)085388092 |2 gnd | |
| 650 | 7 | |a Altenglisch |0 (DE-588)4112501-0 |0 (DE-603)085330663 |2 gnd | |
| 650 | 7 | |a Lautwandel |0 (DE-588)4034779-5 |0 (DE-603)085093718 |2 gnd | |
| 650 | 7 | |a Englisch |0 (DE-588)4014777-0 |0 (DE-603)085033405 |2 gnd | |
| 650 | 7 | |a Mittelenglisch |0 (DE-588)4039676-9 |0 (DE-603)085108456 |2 gnd | |
| 830 | 0 | |t Cambridge studies in linguistics |v 101 |w (DE-603)186186371 |w (DE-600)196392-2 |9 3101 |7 as | |
| 856 | |u http://search.ebscohost.com/login.aspx?direct=true&scope=site&db=nlebk&db=nlabk&AN=112395 |x Verlag | ||
| 856 | 4 | 2 | |u http://www.nationallizenzen.de/angebote/nlproduct.2006-03-20.4421392276 |3 Inhaltsbeschreibung der Sammlung und Zugangshinweise |
| 912 | |a ZDB-1-NEL | ||
| 924 | 1 | |9 603 |a (DE-603)43426282X |b DE-603 |c HES |d d | |
| 924 | 1 | |9 603 |a (DE-603)434262838 |b DE-603 |c HES |d d | |
| 924 | 1 | |9 603 |a (DE-603)579698084 |b DE-603 |c HES |d d | |
| 924 | 1 | |9 603 |a (DE-603)434262846 |b DE-603 |c HES |d d | |
| 924 | 1 | |9 603 |a (DE-603)434262854 |b DE-603 |c HES |d d | |
| 924 | 1 | |9 603 |a (DE-603)434262862 |b DE-603 |c HES |d d | |
| 924 | 1 | |9 603 |a (DE-603)595554865 |b DE-603 |c HES |d d | |
| 924 | 1 | |9 603 |a (DE-603)434262889 |b DE-603 |c HES |d d | |
| 924 | 1 | |9 603 |a (DE-603)434262897 |b DE-603 |c HES |d d | |
| 924 | 1 | |9 603 |a (DE-603)434262900 |b DE-603 |c HES |d d | |
| 924 | 1 | |9 603 |a (DE-603)595554873 |b DE-603 |c HES |d d | |
| 924 | 1 | |9 603 |a (DE-603)434262919 |b DE-603 |c HES |d d | |
| 924 | 1 | |9 603 |a (DE-603)595554881 |b DE-603 |c HES |d d | |
| 924 | 1 | |9 603 |a (DE-603)503666998 |b DE-603 |c HES |d d | |
| 924 | 1 | |9 603 |a (DE-603)785788794 |b DE-603 |c HES |d d | |
| 924 | 1 | |9 603 |a (DE-603)434262943 |b DE-603 |c HES |d d | |
| 924 | 1 | |9 603 |a (DE-603)434262951 |b DE-603 |c HES |d d | |


